Cost accounting : (Record no. 2967)
[ view plain ]
| 000 -LEADER | |
|---|---|
| fixed length control field | 00666cam a22002172 4500 |
| 001 - CONTROL NUMBER | |
| control field | 0000005771 |
| 005 - DATE AND TIME OF LATEST TRANSACTION | |
| control field | 20151217145825.0 |
| 008 - FIXED-LENGTH DATA ELEMENTS--GENERAL INFORMATION | |
| fixed length control field | 070716s xx 000 0 eng d |
| 020 ## - INTERNATIONAL STANDARD BOOK NUMBER | |
| International Standard Book Number | 8120317238 : |
| Terms of availability | KES 1,400 |
| 040 ## - CATALOGING SOURCE | |
| Original cataloging agency | KABU |
| Transcribing agency | KABU |
| 050 #0 - LIBRARY OF CONGRESS CALL NUMBER | |
| Classification number | HF5686 |
| Item number | .C8N54 |
| 100 1# - MAIN ENTRY--PERSONAL NAME | |
| Personal name | Nigam, B. M. Lall. |
| -- | 0000156984 |
| 245 10 - TITLE STATEMENT | |
| Title | Cost accounting : |
| Remainder of title | principles and practice / |
| Statement of responsibility, etc. | by B. M. Lall Nigam and I. C. Jain. |
| 260 ## - PUBLICATION, DISTRIBUTION, ETC. (IMPRINT) | |
| Place of publication, distribution, etc. | New Delhi : |
| Name of publisher, distributor, etc. | Prentice Hall, |
| Date of publication, distribution, etc. | 2000. |
| 300 ## - PHYSICAL DESCRIPTION | |
| Extent | xii, 1164 p. |
| 650 #0 - SUBJECT ADDED ENTRY--TOPICAL TERM | |
| Topical term or geographic name as entry element | Cost accounting. |
| -- | 0000151497 |
| 700 1# - ADDED ENTRY--PERSONAL NAME | |
| Personal name | Jain, I. C. |
| -- | 0000156985 |
| 908 ## - PUT COMMAND PARAMETER (RLIN) | |
| Put command parameter | 070716 |
| 950 ## - LOCAL HOLDINGS (RLIN) | |
| -- | 1 |
| Withdrawn status | Lost status | Source of classification or shelving scheme | Not for loan | Home library | Current library | Date acquired | Total Checkouts | Total Renewals | Full call number | Barcode | Date last seen | Date last checked out | Price effective from | Koha item type |
|---|---|---|---|---|---|---|---|---|---|---|---|---|---|---|
| Library of Congress Classification | Kabarak, Main Campus | Kabarak, Main Campus | 17/12/2015 | 13 | 3 | HF5686 .C8N54 | 011958 | 09/12/2022 | 24/10/2022 | 17/12/2015 | General Collection | |||
| Library of Congress Classification | Kabarak, Main Campus | Kabarak, Main Campus | 17/12/2015 | 15 | HF5686 .C8N54 | 010938 | 22/07/2022 | 08/07/2022 | 17/12/2015 | General Collection |